书目信息 |
| 题名: |
多元文化与教育
|
|
| 作者: | 巴登尼玛 主编 | |
| 分册: | 第4辑 | |
| 出版信息: | 成都 巴蜀书社 2013.12 |
|
| 页数: | 222页 | |
| 开本: | 24cm | |
| 丛书名: | ||
| 单 册: | ||
| 中图分类: | G40-055 | |
| 科图分类: | ||
| 主题词: | 多元文化--文化教育--研究--中国 , 多元文化 , 文化教育 | |
| 电子资源: | ||
| ISBN: | 978-7-5531-0381-5 | |
| 000 | 01025nam0 2200277 450 | |
| 001 | 007406886 | |
| 005 | 20160516093419.04 | |
| 010 | @a978-7-5531-0381-5@dCNY36.00 | |
| 100 | @a20140919d2013 em y0chiy50 ea | |
| 101 | 0 | @achi@eeng@deng |
| 102 | @aCN@b510000 | |
| 105 | @aa z 000yy | |
| 106 | @ar | |
| 200 | 1 | @a多元文化与教育@9duo yuan wen hua yu jiao yu@h第4辑@f巴登尼玛主编 |
| 210 | @a成都@c巴蜀书社@d2013.12 | |
| 215 | @a222页@c图@d24cm | |
| 304 | @a英文共同题名:Multiculture and education | |
| 330 | @a本书设“文化整理”、“专题研究”、“逝水年华”、“田野日志”、“文化评论”等栏目,收录《布依族祭祖活动中的仪式用语》、《云南省昭通市小龙洞回族彝族乡基础教育非均衡发展问题研究》、《生命之重:我所经历的教育》等文章。 | |
| 333 | @a教育工作者及教育研究者 | |
| 606 | 0 | @a多元文化@x文化教育@x研究@y中国 |
| 606 | 0 | @a多元文化 |
| 606 | 0 | @a文化教育 |
| 690 | @aG40-055@v5 | |
| 701 | 0 | @c(藏)@a巴登尼玛@9ba deng ni ma@c(副教授)@4主编 |
| 801 | 0 | @aCN@bNLC@c20141028 |
| 905 | @b877600-05@dG40-055@e692:4@f6 | |
| 多元文化与教育.第4辑/巴登尼玛主编.-成都:巴蜀书社,2013.12 |
| 222页:图;24cm |
| 使用对象:教育工作者及教育研究者 |
| ISBN 978-7-5531-0381-5:CNY36.00 |
| 本书设“文化整理”、“专题研究”、“逝水年华”、“田野日志”、“文化评论”等栏目,收录《布依族祭祖活动中的仪式用语》、《云南省昭通市小龙洞回族彝族乡基础教育非均衡发展问题研究》、《生命之重:我所经历的教育》等文章。 |
| ● |
| 相关链接 |
|
|
|
|
正题名:多元文化与教育
索取号:G40-055/692:4
 
预约/预借
| 序号 | 登录号 | 条形码 | 馆藏地/架位号 | 状态 | 备注 |
| 1 | 877600 | 208776001 | 第一样本阅览室/ [索取号:G40-055/692:4] | 在馆 | |
| 2 | 877601 | 208776010 | 教育系资料室/ [索取号:G40-055/692:4] | 在馆 | |
| 3 | 877602 | 208776029 | 教育系资料室/ [索取号:G40-055/692:4] | 在馆 | |
| 4 | 877603 | 208776038 | 教育系资料室/ [索取号:G40-055/692:4] | 在馆 | |
| 5 | 877604 | 208776047 | 第四借阅区/ [索取号:G40-055/692:4] | 在馆 | |
| 6 | 877605 | 208776056 | 第四借阅区/ [索取号:G40-055/692:4] | 在馆 |